La disputa de los siglos. (Registro nro. 320550)

Detalles MARC
000 -ENCABEZADO
Número de control [NR] 01646nam a22002537a 4500
005 - FECHA Y HORA DE LA ÚLTIMA TRANSACCIÓN
control field 20220210115436.0
008 - DE LONGITUD FIJA DE DATOS DE ELEMENTOS - INFORMACIÓN GENERAL
Elementos de longitud fija [NR] 220210s1934 ar ||||fr|||| 00| e spa d
040 ## - FUENTE DE CATALOGACION [NR]
Agencia de catalogación original [NR] CO-BoUCM
Idioma de catalogación [NR] spa
Quien Cataloga Sandra Yazo
Quien Clasifica Sandra Yazo
041 0# - CODIGO DE IDIOMA [R]
Código de idioma para texto/pista de sonido o título separado [R] Español
082 ## - NUMERO DE CLASIFICACION DECIMAL DEWEY [R]
Número de la edición [NR] 20
Número de clasificación [R] 864
092 ## - SIGNATURA TOPOGRAFICA LOCAL
Número de clasificación local E51N086
100 1# - ASIENTO PRINCIPAL--NOMBRE PERSONAL [NR]
Nombre personal [NR] Melián Lafinur, Álvaro
Fechas asociadas con el nombre [NR] 1889-1958
ID Autoridad 173274
245 10 - MENCION DE TITULO [NR]
Título [NR] La disputa de los siglos.
Mención de responsabilidad, etc. [NR] Álvaro Melián Lafinur ; Prólogo de Juan B. Terán
260 ## - PUBLICACION, DISTRIBUCION, ETC. (PIE DE IMPRENTA) [R]
Lugar de publicación, distribución, etc. [R] Buenos Aires (Argentina)
Nombre del editor, distribuidor, etc. [R] M. Gleizer ; Francisco A. Colombo
Fecha de fabricación [R] 1934
300 ## - DESCRIPCION FISICA [R]
Extensión [R] 190 páginas
Dimensiones [R] 19 x 14 cm.
500 ## - NOTA GENERAL [R]
Nota general [NR] Detalles físicos: Encuadernación rústica (cartulina). Tapa delantera y lomo impresos en dos tintas, con datos de publicación de la obra. Tapa posterior, con marca tipográfica de M. Gleizer, el editor. Hoja de cortesía. Anteportada. Portada impresa en una sola tinta. Texto impreso en una columna, con diferentes tipos y tamaños de letra. Mayúsculas iniciales. Índice. Tapas en regular estado. Lomo roto. Varias hojas sin refilar. Desgarrones en papel de portada. Papel amarillento en bordes.
505 0# - NOTA DE CONTENIDO CON FORMATO PREESTABLECIDO [R]
Nota de contenido con formato preestablecido [NR] La disputa de los siglos. Oración al Mediterráneo. Reflexiones ante la Acrópolis. Diálogo sobre el poder. Diálogo de las amantes. Carácter y grandeza de la literatura italiana. Diálogo gongorino. El alma latina. La revaloración hispánica.
506 ## - NOTA DE RESTRICCIONES DE ACCESO [R]
Condiciones de acceso [NR] Consulta en sala
650 #7 - ASIENTO SECUNDARIO DE MATERIA - TERMINO TEMATICO [R]
9 (RLIN) 14550
Término temático o nombre geográfico como elemento de entrada [NR] Ensayos argentinos
Subdivisión cronológica [R] Siglo XIX - XX
650 #7 - ASIENTO SECUNDARIO DE MATERIA - TERMINO TEMATICO [R]
9 (RLIN) 18607
Término temático o nombre geográfico como elemento de entrada [NR] Literatura argentina
690 ## - ASUNTO AGREGADO LOCAL DE ENTRADA - TÉRMINO TEMÁTICO (OCLC, RLIN)
Acceso temático local Literatura latinoamericana
9 (RLIN) 18700
700 1# - ASIENTO SECUNDARIO - NOMBRE PERSONAL [R]
Nombre personal [NR] Terán, Juan B.
Fechas asociadas con el nombre [NR] 1880-1938
Término de relación [R] prólogo
Forma más completa del nombre [NR] (Juan Benjamín)
9 (RLIN) 173275
942 ## - ELEMENTOS DE ENTRADA AGREGADOS (KOHA)
Sistema de clasificación LOCAL
Tipo de ítem principal el descrito en 300a Libro
Edición 1
Clasificación E51N086
Existencias
Suprimido Perdido Sistema de clasificación Dañado No prestable Tipo de ítem específico Ubicación habitual Ubicación actual Localización Fecha de creación Forma de adquisición Costo Total préstamos Signatura topográfica Código de barras Última vez visto Ejemplar Price effective from Tipo de ítem
    LOCAL     Libro archivo Archivo Histórico Archivo Histórico Archivo histórico 10/02/2022 Donación 0.00   E51N086 L010685 10/02/2022 Ej.1 10/02/2022 Libro